| 000 | 01199nam a22001937a 4500 | ||
|---|---|---|---|
| 003 | NUST | ||
| 005 | 20220318114407.0 | ||
| 008 | 220318b ||||| |||| 00| 0 eng d | ||
| 020 | _a9781647800840 | ||
| 022 | _29781647800840 | ||
| 038 | _aSAIF | ||
| 040 | _aDLC | ||
| 082 |
_a155.9042 _bHOW |
||
| 245 |
_aEliminate Negative Thinking / Derick Howell _bHow to Overcome Negativity, Control Your Thoughts, And Stop Overthinking. Shift Your Focus into Positive Thinking, Self-Acceptance, And Radical Self Love |
||
| 260 | _c2020 | ||
| 500 | _aNegative emotions rebound in the body. The psychosocial burden of harmful thoughts in the form of stress or depression can even be measured in the laboratory. A negative mindset is characterized by thoughts taking on a life of their own and focusing only on the worst aspects of things, events, and people. Even optimistic natures can easily fall into this trap. As scientists keep pointing out, proper thought and mental hygiene in life provide stability and better health. It is proven that thoughts create reality. Positive thinking also improves cognitive abilities and allows better use of sensory organs. | ||
| 563 | _aH.B | ||
| 942 |
_2ddc _cBK |
||
| 999 |
_c588850 _d588850 |
||